000 01618nam0a2200361 4500
001 RU\NLR\bibl\1442677
005 20250615225155.0
010 _a978-5-317-02929-6
_9300
021 _aRU
_b2009-79161
_94964
035 _a(nilc)RSL-KNO-004391040
035 _a(NLR Aleph) 001434526
090 _a1423792
_c1423792
100 _a20090930d2009 |||y0rusy50 ca
101 0 _arus
102 _aRU
105 _aa |||||||||
200 1 _aЭкономика природопользования
_eучебное пособие [для студентов, аспирантов и преподавателей экономических факультетов университетов]
_fК. В. Папенов
_gМосковский гос. ун-т им. М. В. Ломоносова, Экономический фак.
210 _aМосква
_cМАКС Пресс
_d2009
215 _a595 с.
_cил.
_d22
320 _aБиблиогр.: с. 595 и в подстроч. прим.
606 1 _aПриродные ресурсы
_jУчебные издания для высших учебных заведений
_xИспользование
_xЭкономика
_92070631
_3RU\NLR\auth\661245357
686 _aУ528я73-1
_2rubbk
686 _aУ040.1я73-1
_2rubbk
686 _aУ04(2)1я73
686 _aУ28(2)1я73
700 1 _aПапенов
_bК. В.
_gКонстантин Владимирович
_4070
801 0 _aRU
_bРГБ
_c20090930
_grcr
801 1 _aRU
_bРГБ
_c20090930
801 2 _aRU
_bNLR
_c20091125
_grcr
830 _aавт. по кн.
942 _cBOOK
980 _aNB